Complete origami

Bibliographic Details
Main Author: Kennewary, Eric
Format: Book
Published: London : Books UK Limited , 1993
Subjects:

MARC

LEADER 00000cam a2200000 7i4500
001 0000004310
002 000004631
005 20000330.0
020 |a 0091820952 
090 0 0 |a 736.982   |b KEN 
100 1 |a Kennewary, Eric 
245 1 0 |a Complete origami   |c Eric Kennewary 
260 |a London :   |b Books UK Limited ,   |c 1993 
300 |a 192p. ;   |c 24cm. 
650 0 0 |a Origami 
999 |a 037372   |b BUKU   |c PINJAMAN   |e PERPUSTAKAAN KOMUNITI PETALING JAYA